Manchester United Squad 2016-2017 - Statistics

General Stats
  • This quiz has been taken 3,056 times
    2,615 since last reset
  • The average score is 22 of 27
Answer Stats
Nbr Post Nationality Player % Correct
1 GK Spain David De Gea
100%
6 MF France Paul Pogba
96%
9 FW Sweden Zlatan Ibrahimovic
96%
10 FW England Wayne Rooney
95%
11 FW France Anthony Martial
94%
8 MF Spain Juan Mata
93%
19 FW England Marcus Rashford
93%
5 DF Argentina Marcos Rojo
91%
4 DF England Phil Jones
91%
25 MF Ecuador Antonio Valencia
90%
3 DF Cote d'Ivoire Eric Bailly
90%
20 GK Argentina Sergio Romero
89%
- Coach Portugal José Mourinho
88%
12 DF England Chris Smalling
86%
17 DF Netherlands Daley Blind
86%
21 MF Spain Ander Herrera
81%
27 MF Belgium Marouane Fellaini
81%
23 DF England Luke Shaw
79%
36 DF Italy Matteo Darmian
79%
14 MF England Jesse Lingard
78%
22 MF Armenia Henrikh Mkhitaryan
76%
31 MF Germany Bastian Schweinsteiger
74%
16 MF England Michael Carrick
74%
18 MF England Ashley Young
67%
24 DF Netherlands Timothy Fosu-Mensah
46%
38 DF England Axel Tuanzebe
39%
32 GK England Sam Johnstone
32%
No matching quizzes found
Score Distribution
Percent of People with Each Score
Percentile by Number Answered
Your Score History
You have not taken this quiz since the last reset